| Record ID | ia:stemlessonguidep0000vasq |
| Source | Internet Archive |
| Download MARC XML | https://archive.org/download/stemlessonguidep0000vasq/stemlessonguidep0000vasq_marc.xml |
| Download MARC binary | https://www.archive.org/download/stemlessonguidep0000vasq/stemlessonguidep0000vasq_meta.mrc |
LEADER: 02923cam 22004214i 4500
001 ocn964331896
003 OCoLC
005 20210927022012.0
008 170404s2017 nhua b 000 0 eng
010 $a 2017013139
040 $aDLC$beng$erda$cDLC$dYDX$dOCLCF$dCSAIL$dOCLCO$dOCLCQ$dZEM$dGZI$dOCLCQ$dMUB$dOCLCQ$dHZK$dOCLCA$dOCLCQ
020 $a9780325087764$q(alk. paper)
020 $a0325087768$q(alk. paper)
035 $a(OCoLC)964331896
042 $apcc
050 00 $aLB1585$b.V335 2017
082 00 $a507.1$223
100 1 $aVasquez, Jo Anne,$d1943-$eeditor.
245 10 $aSTEM lesson guideposts :$bcreating STEM lessons for your curriculum /$cJo Anne Vasquez, Michael Comer, Joel Villegas.
264 1 $aPortsmouth, NH :$bHeinemann,$c[2017]
300 $axviii, 125 pages :$billustrations ;$c23 cm
336 $atext$btxt$2rdacontent
337 $aunmediated$bn$2rdamedia
338 $avolume$bnc$2rdacarrier
504 $aIncludes bibliographical references (pages 123-125).
505 0 $aBeginning the journey: moving beyond the acronym -- Planning the STEM journey: W.H.E.R.E. are your STEM guideposts? -- The W--picking the destination: what needs to be learned and why? -- The H and E--planning and evaluating the route -- The R and E--keeping the trip interesting -- Changing drivers: who is driving the STEM car? -- Now it's your turn: you drive the car -- Changing the system: one school's STEM journey -- Creating a pathway: fostering community collaboration -- Appendix A: whirligig pattern -- Appendix B: STEM lesson guideposts planning template -- Appendix C: STEM lesson guideposts planning template--engineering a hat -- Appendix D: STEM lesson guideposts planning template--wind turbine -- Appendix E: STEM lesson guideposts planning template--feeding Fluffy -- Appendix F: STEM lesson guideposts planning template: exploration tasks for Feeding Fluffy -- Appendix G: STEM lesson guideposts planning template--art pedestal project.
520 $a"STEM Lesson Guideposts presents a clear and actionable approach for teachers and leaders to follow in developing meaningful STEM lessons and units. This companion to the best-selling STEM Lesson Essentials is a practical guide for helping you on your journey of creating integrated, interdisciplinary STEM units."--$ccover.
650 0 $aScience$xStudy and teaching$xCurricula.
650 0 $aLesson planning.
650 7 $aLesson planning.$2fast$0(OCoLC)fst00996656
650 7 $aScience$xStudy and teaching$xCurricula.$2fast$0(OCoLC)fst01108396
653 $aSTEM education
776 08 $iOnline version:$aVasquez, Jo Anne, 1943-$tSTEM lesson guideposts.$dPortsmouth, NH : Heinemann, [2017]$z9780325093154$w(DLC) 2017017395
938 $aBaker and Taylor$bBTCP$nBK0019888125
938 $aYBP Library Services$bYANK$n13271361
029 1 $aAU@$b000059800684
994 $aZ0$bP4A
948 $hNO HOLDINGS IN P4A - 75 OTHER HOLDINGS